Statistics for Name All Skylanders

Click here to take the quiz!

General Stats

  • This quiz has been taken 63 times
    (30 since last reset)
  • The average score is 135 of 173

Answer Stats

ElementGameType Of FigureAnswer% Correct
MagicGiantsCorePop Fizz
100%
MagicSpyro's AdventureCoreSpyro
100%
WaterGiantsCoreChill
95%
MagicSpyro's AdventureCoreDouble Trouble
95%
WaterSpyro's AdventureCoreGill Grunt
95%
MagicGiantsGiantNinjini
95%
WaterGiantsGiantThumpback
95%
LifeGiantsGiantTree Rex
95%
TechSpyro's AdventureCoreTrigger Happy
95%
MagicSpyro's AdventureCoreVoodood
95%
MagicSpyro's AdventureCoreWrecking Ball
95%
WaterSpyro's AdventureCoreZap
95%
TechGiantsGiantBouncer
90%
UndeadSpyro's AdventureCoreChop Chop
90%
UndeadSpyro's AdventureCoreCynder
90%
TechSpyro's AdventureCoreDrill Sergeant
90%
TechSpyro's AdventureCoreDrobot
90%
MagicTrap TeamTrap MasterEnigma
90%
FireSpyro's AdventureCoreEruptor
90%
UndeadGiantsGiantEye-Brawl
90%
UndeadSpyro's AdventureCoreHex
90%
FireGiantsCoreHot Dog
90%
AirGiantsCoreJet-Vac
90%
AirSpyro's AdventureCoreLightning Rod
90%
EarthSpyro's AdventureCorePrism Break
90%
LifeGiantsCoreShroomboom
90%
WaterSpyro's AdventureCoreSlam Bam
90%
TechGiantsCoreSprocket
90%
LifeSpyro's AdventureCoreStealth Elf
90%
LifeSpyro's AdventureCoreStump Smash
90%
WaterSwap ForceSwap ForceWash Buckler
90%
EarthSpyro's AdventureCoreBash
86%
MagicTrap TeamTrap MasterBlastermind
86%
TechSpyro's AdventureCoreBoomer
86%
LifeSpyro's AdventureCoreCamo
86%
EarthGiantsGiantCrusher
86%
MagicTrap TeamCoreDéjà Vu
86%
FireSpyro's AdventureCoreFlameslinger
86%
AirTrap TeamTrap MasterGusto
86%
MagicSwap ForceSwap ForceHoot Loop
86%
FireGiantsGiantHot Head
86%
FireSpyro's AdventureCoreIgnitor
86%
TechTrap TeamTrap MasterJawbreaker
86%
FireTrap TeamTrap MasterKa-Boom
86%
KaosImaginatorsSenseiKaos
86%
UndeadTrap TeamTrap MasterKrypt King
86%
WaterTrap TeamTrap MasterLob-Star
86%
WaterTrap TeamTrap MasterSnap Shot
86%
AirSpyro's AdventureCoreSonic Boom
86%
AirGiantsGiantSwarm
86%
EarthSpyro's AdventureCoreTerrafin
86%
AirTrap TeamTrap MasterThunderbolt
86%
FireTrap TeamCoreTorch
86%
AirSpyro's AdventureCoreWarnado
86%
WaterSpyro's AdventureCoreWham-Shell
86%
AirSpyro's AdventureCoreWhirlwind
86%
LifeSpyro's AdventureCoreZook
86%
LifeTrap TeamTrap MasterBushwhack
81%
WaterSuperChargersSuperChargerDive-Clops
81%
FireSwap ForceSwap ForceFire Kraken
81%
EarthGiantsCoreFlashwing
81%
WaterTrap TeamCoreFlip Wreck
81%
LifeTrap TeamCoreFood Fight
81%
AirSwap ForceSwap ForceFree Ranger
81%
UndeadGiantsCoreFright Rider
81%
FireSwap ForceCoreFryno
81%
WaterTrap TeamMiniGill Runt
81%
EarthImaginatorsSenseiGolden Queen
81%
EarthTrap TeamTrap MasterHead Rush
81%
UndeadSwap ForceSwap ForceNight Shift
81%
MagicTrap TeamMiniSpry
81%
TechSwap ForceSwap ForceSpy Rise
81%
LifeSwap ForceSwap ForceStink Bomb
81%
MagicSwap ForceSwap ForceTrap Shadow
81%
LifeTrap TeamTrap MasterTuff Luck
81%
FireTrap TeamMiniWeeruptor
81%
UndeadImaginatorsSenseiWolfgang
81%
FireSwap ForceSwap ForceBlast Zone
76%
LifeImaginatorsSenseiBoom Bloom
76%
AirSwap ForceSwap ForceBoom Jet
76%
EarthTrap TeamMiniBop
76%
TechTrap TeamCoreChopper
76%
LifeImaginatorsSenseiCrash Bandicoot
76%
EarthSpyro's AdventureCoreDino-Rang
76%
TechImaginatorsSenseiDr. Krankcase
76%
TechTrap TeamMiniDrobit
76%
MagicSwap ForceCoreDune Bug
76%
WaterTrap TeamCoreEcho
76%
WaterSwap ForceSwap ForceFreeze Blade
76%
TechTrap TeamTrap MasterGearshift
76%
UndeadSpyro's AdventureCoreGhost Roaster
76%
LifeSwap ForceSwap ForceGrilla Drilla
76%
UndeadSwap ForceCoreGrim Creeper
76%
LightTrap TeamTrap MasterKnight Light
76%
DarkTrap TeamTrap MasterKnight Mare
76%
TechSwap ForceSwap ForceMagna Charge
76%
MagicTrap TeamMiniMinijini
76%
MagicImaginatorsSenseiPain-Yatta
76%
UndeadSwap ForceSwap ForceRattle Shake
76%
WaterSwap ForceCoreRip Tide
76%
EarthTrap TeamCoreRocky Roll
76%
UndeadSwap ForceCoreRoller Brawl
76%
UndeadTrap TeamTrap MasterShort Cut
76%
FireSuperChargersSuperChargerSpitfire
76%
MagicSuperChargersSuperChargerSplat
76%
FireSpyro's AdventureCoreSunburn
76%
FireImaginatorsSenseiTae Kwon Crow
76%
EarthTrap TeamMiniTerrabite
76%
TechTrap TeamCoreTread Head
76%
TechTrap TeamMiniTrigger Snappy
76%
EarthTrap TeamTrap MasterWallop
76%
FireTrap TeamTrap MasterWildfire
76%
LifeSwap ForceCoreZoo Lou
76%
LifeImaginatorsSenseiAmbush
71%
LightSuperChargersSuperChargerAstroblast
71%
AirImaginatorsSenseiBad Juju
71%
EarthImaginatorsSenseiBarbella
71%
LifeTrap TeamMiniBarkley
71%
AirTrap TeamCoreBlades
71%
LightImaginatorsSenseiBlaster-Tron
71%
AirTrap TeamMiniBreeze
71%
MagicImaginatorsSenseiBuckshot
71%
LifeSwap ForceCoreBumble Blast
71%
TechSwap ForceCoreCountdown
71%
TechImaginatorsSenseiDr. Neo Cortex
71%
UndeadTrap TeamMiniEye-Small
71%
UndeadSuperChargersSuperChargerFiesta
71%
AirTrap TeamCoreFling Kong
71%
WaterImaginatorsSenseiGrave Clobber
71%
LifeTrap TeamCoreHigh Five
71%
TechSuperChargersSuperChargerHigh Volt
71%
DarkImaginatorsSenseiHood Sickle
71%
WaterImaginatorsSenseiKing Pen
71%
MagicImaginatorsSenseiMysticat
71%
AirTrap TeamMiniPet-Vac
71%
EarthSwap ForceSwap ForceRubble Rouser
71%
EarthSwap ForceCoreSlobber Tooth
71%
EarthSuperChargersSuperChargerSmash Hit
71%
LightTrap TeamCoreSpotlight
71%
AirImaginatorsSenseiAir Strike
67%
LightImaginatorsSenseiAurora
67%
DarkTrap TeamCoreBlackout
67%
TechImaginatorsSenseiChain Reaction
67%
LifeImaginatorsSenseiChompy Mage
67%
UndeadImaginatorsSenseiChopscotch
67%
EarthSwap ForceSwap ForceDoom Stone
67%
FireImaginatorsSenseiEmber
67%
EarthTrap TeamCoreFist Bump
67%
FireImaginatorsSenseiFlare Wolf
67%
UndeadTrap TeamCoreFunny Bone
67%
UndeadTrap TeamMiniHijinx
67%
AirSwap ForceCorePop Thorn
67%
WaterSwap ForceCorePunk Shock
67%
AirSwap ForceCoreScratch
67%
FireSwap ForceCoreSmolderdash
67%
MagicSwap ForceCoreStar Strike
67%
WaterTrap TeamMiniThumpling
67%
FireTrap TeamCoreTrail Blazer
67%
LifeTrap TeamMiniWhisper Elf
67%
TechSwap ForceCoreWind-Up
67%
UndeadTrap TeamCoreBat Spin
62%
MagicTrap TeamCoreCobra Cadabra
62%
DarkSuperChargersSuperChargerNightfall
62%
TechImaginatorsSenseiRo-Bow
62%
EarthSwap ForceCoreScorp
62%
FireTrap TeamMiniSmall Fry
62%
DarkImaginatorsSenseiStarcast
62%
AirSuperChargersSuperChargerStormblade
62%
LifeSuperChargersSuperChargerThrillipede
62%
WaterImaginatorsSenseiTidepool
62%
AirImaginatorsSenseiWild Storm
62%
UndeadImaginatorsSenseiPit Boss
57%
EarthImaginatorsSenseiTri-Tip
52%

Score Distribution

Percentile by Number Answered

Percent of People with Each Score

Your Score History

You have not taken this quiz since the last reset